[Event "EU-ch U14 26th"]
[Site "Prague"]
[Date "2016.08.24"]
[Round "6"]
[White "Bystritskiy, Daniil"]
[Black "Matis, Tibor"]
[Result "1-0"]
[WhiteElo "1906"]
[BlackElo "1709"]
[PlyCount "73"]
[EventDate "2016.08.18"]
[EventType "swiss"]
[EventRounds "9"]
[EventCountry "CZE"]
[SourceTitle "CBM 174 Extra"]
[Source "ChessBase"]
[SourceDate "2016.10.10"]
[SourceVersion "1"]
[SourceVersionDate "2016.10.10"]
[SourceQuality "1"]

1. d4 Nf6 2. c4 c5 3. d5 e6 4. Nc3 exd5 5. cxd5 d6 6. e4 g6 7. Bf4 a6 8. a4 Qc7 9. f3 Bg7 10. Qd2 Nbd7 11. Nh3 0-0 12. Be2 Re8 13. 0-0 Ne5 14. Nf2 Nfd7 15. Rfc1 Rb8 16. a5 b5 17. axb6 Qxb6 18. Na4 Qa7 19. Be3 Nb6 20. Qa5 Nxa4 21. Qxa4 Nd7 22. Nd1 Re7 23. Qc6 Qb6 24. Bxa6 Qxc6 25. dxc6 Ne5 26. Nc3 Nxc6 27. Nd5 Rd7 28. Bxc8 Rxc8 29. Nb6 Rdd8 30. Nxc8 Bxb2 31. Nb6 Nb4 32. Ra8 Rxa8 33. Nxa8 Bxc1 34. Bxc1 c4 35. Kf1 Na2 36. Ba3 c3 37. Ke2 1-0

[Event "Prague Summer op-B 2nd"]
[Site "Prague"]
[Date "2015.08.09"]
[Round "4"]
[White "Tserendorj, Batsaikhan"]
[Black "Bystritskiy, Daniil"]
[Result "1-0"]
[WhiteElo "2049"]
[BlackElo "1877"]
[PlyCount "73"]
[EventDate "2015.08.07"]
[EventType "swiss"]
[EventRounds "9"]
[EventCountry "CZE"]
[SourceTitle "EXT 2017"]
[Source "ChessBase"]
[SourceDate "2016.10.25"]
[SourceVersion "1"]
[SourceVersionDate "2016.10.25"]
[SourceQuality "1"]

1. d4 Nf6 2. Nf3 e6 3. Bg5 d5 4. e3 Be7 5. Bd3 h6 6. Bf4 0-0 7. Nbd2 c5 8. c3 c4 9. Bc2 b5 10. e4 Nc6 11. e5 Nd7 12. h4 f5 13. h5 b4 14. Qe2 Qa5 15. Qe3 b3 16. Bb1 bxa2 17. Rxa2 Qd8 18. Bxh6 gxh6 19. Qxh6 Rf7 20. Rh3 Bf8 21. Rg3+ Bg7 22. Rxg7+ Rxg7 23. Qxe6+ Kh8 24. Qxc6 Nb6 25. g3 Bd7 26. Qh6+ Rh7 27. Qf4 Qe7 28. Nh4 Qf7 29. Ng6+ Kg8 30. Qg5 Rg7 31. Nf3 Na4 32. Nfh4 Rb8 33. h6 Nxc3 34. hxg7 Nxa2 35. Ne7+ Kh7 36. Nhxf5 Nc3 37. Qh6# 1-0

[Event "Prague Golden op 11th"]
[Site "Prague"]
[Date "2015.06.21"]
[Round "1"]
[White "Bystritskiy, Daniil"]
[Black "Postupa, Pavel1111"]
[Result "0-1"]
[WhiteElo "1957"]
[BlackElo "2256"]
[PlyCount "56"]
[EventDate "2015.06.21"]
[EventType "swiss"]
[EventRounds "9"]
[EventCountry "CZE"]
[SourceTitle "CBM 167 Extra"]
[Source "ChessBase"]
[SourceDate "2015.09.14"]
[SourceVersion "1"]
[SourceVersionDate "2015.09.14"]
[SourceQuality "1"]

1. d4 Nf6 2. c4 g6 3. Nc3 d5 4. Nf3 Bg7 5. e3 0-0 6. Qc2 c6 7. b3 c5 8. Bb2 cxd4 9. Nxd4 Nc6 10. cxd5 Nxd4 11. exd4 Nxd5 12. Nxd5 Qxd5 13. Qc4 Be6 14. Qxd5 Bxd5 15. f3 Rac8 16. Bd3 Rfd8 17. Rd1 a5 18. Kf2 a4 19. bxa4 Bxa2 20. Be4 Bd5 21. Rhe1 e6 22. g4 Rc4 23. a5 Ra4 24. Bc3 Rc4 25. Bb2 Bxe4 26. Rxe4 Rd5 27. Ra1 Rc2+ 28. Re2 Rxb2 0-1

[Event "Prague Golden op 10th"]
[Site "Prague"]
[Date "2014.06.29"]
[Round "9"]
[White "Bystritskiy, Daniil"]
[Black "Kucera, Tomas"]
[Result "1-0"]
[WhiteElo "1890"]
[BlackElo "1999"]
[PlyCount "64"]
[EventDate "2014.06.22"]
[EventType "swiss"]
[EventRounds "9"]
[EventCountry "CZE"]
[SourceTitle "CBM 161 Extra"]
[Source "ChessBase"]
[SourceDate "2014.08.29"]
[SourceVersion "1"]
[SourceVersionDate "2014.08.29"]
[SourceQuality "1"]

1. d4 Nf6 2. c4 d6 3. Nc3 g6 4. e4 Bg7 5. f3 0-0 6. Bg5 c5 7. d5 h6 8. Be3 e6 9. Qd2 exd5 10. cxd5 Kh7 11. Bd3 a6 12. a4 Nbd7 13. Nh3 Ne5 14. Nf2 Rb8 15. 0-0 Qc7 16. b3 c4 17. f4 Nxd3 18. Nxd3 cxd3 19. Rac1 Qa5 20. Qxd3 Re8 21. Bd4 Nd7 22. Bxg7 Kxg7 23. f5 Nc5 24. Qd4+ Re5 25. b4 Qb6 26. a5 Qc7 27. Na4 Qd8 28. bxc5 Qh4 29. cxd6 Qxe4 30. f6+ Kf8 31. Qxe4 Rxe4 32. Nb6 Bf5 1-0

[Event "Prague Golden op 10th"]
[Site "Prague"]
[Date "2014.06.26"]
[Round "6"]
[White "Sisak, Richard"]
[Black "Bystritskiy, Daniil"]
[Result "1/2-1/2"]
[WhiteElo "2017"]
[BlackElo "1890"]
[PlyCount "26"]
[EventDate "2014.06.22"]
[EventType "swiss"]
[EventRounds "9"]
[EventCountry "CZE"]
[SourceTitle "CBM 161 Extra"]
[Source "ChessBase"]
[SourceDate "2014.08.29"]
[SourceVersion "1"]
[SourceVersionDate "2014.08.29"]
[SourceQuality "1"]

1. d4 Nf6 2. Bf4 e6 3. e3 c5 4. c3 Nc6 5. Nd2 cxd4 6. exd4 d5 7. Bd3 Bd6 8. Bg3 e5 9. dxe5 Nxe5 10. Bb5+ Bd7 11. Qe2 0-0 12. Bxe5 Bxe5 13. Bxd7 Nxd7 1/2-1/2

[Event "Stavropol op"]
[Site "Stavropol"]
[Date "2014.03.29"]
[Round "8"]
[White "Papijants, Diana"]
[Black "Bystritskiy, Daniil"]
[Result "1/2-1/2"]
[WhiteElo "2012"]
[BlackElo "1939"]
[PlyCount "62"]
[EventDate "2014.03.21"]
[EventType "swiss"]
[EventRounds "9"]
[EventCountry "RUS"]
[SourceTitle "EXT 2015"]
[Source "ChessBase"]
[SourceDate "2014.11.20"]
[SourceVersion "1"]
[SourceVersionDate "2014.11.20"]
[SourceQuality "1"]

1. d4 Nf6 2. Nf3 e6 3. c4 Bb4+ 4. Nbd2 0-0 5. e3 c5 6. Bd3 Nc6 7. 0-0 d5 8. cxd5 Nxd5 9. Qc2 cxd4 10. exd4 h6 11. a3 Be7 12. Nb3 Bf6 13. Rd1 Bd7 14. Qe2 Qb6 15. Bc2 Rfd8 16. Be3 Rac8 17. Rac1 a5 18. Kh1 Kf8 19. Rb1 Be8 20. h4 a4 21. Nc5 Nxd4 22. Bxd4 Nf4 23. Nxe6+ Qxe6 24. Qxe6 fxe6 25. Bxf6 Rxd1+ 26. Bxd1 gxf6 27. Kg1 Nd3 28. Be2 Nc1 29. Bd1 Nd3 30. Be2 Nc1 31. Bd1 Nd3 1/2-1/2